| 000 | 00519nam a22001575i 4500 | ||
|---|---|---|---|
| 001 | 171396 | ||
| 003 | ES-MaACL | ||
| 005 | 20230906214624.0 | ||
| 008 | 090513s1962 sp |||| | cat d | ||
| 100 | 1 |
_aSófocles. _9107023 |
|
| 245 | 1 | 3 |
_aLa tragedia d'Antigona / _cadaptació i arranjement de l'obra de Sofocles original de Joan Povill i Adserà. |
| 260 |
_aBarcelona : _bMillà, _c1962. |
||
| 300 |
_a45 p., 4 lám. ; _c18 cm. |
||
| 700 | 1 |
_aPovill i Adserà, Joan. _9140117 |
|
| 852 |
_aES-MaACL _jC-30541 _9R.70050 |
||
| 999 |
_c171396 _d171396 |
||